Propuesta de manual organizacional de la empresa Molina Copier Service

Presenta propuesta de manual organizacional para la empresa Molina Copier Service, el documento está orientado a la elaboración de una propuesta de manual organizacional donde se define la estructura organizativa que se integre la manera de trabajo en que se desenvuelven los colaboradores de Molin...

Full description

Bibliographic Details
Main Authors: Zapata Ramos, Jorge Alexander, T Saavedra Maleaños, Dora Patricia, Martínez Munguía, Tania del Rosario
Other Authors: Tutor: Gómez Jaime, Dora Isabel
Format: Tesis Section = Libro
Language:Undetermined
Spanish
Published: Managua UNI 2011
Subjects:
LEADER 01303nam a2200277Ia 4500
008 240830s9999 xx 000 0 und d
040 |a BIBLIOTECA-RUPAP T.Mon 658.402 Z35 
041 |a spa 
082 |a T.Mon 658.402 Z35 
100 1 |a Zapata Ramos, Jorge Alexander 
100 1 |b  T Saavedra Maleaños, Dora Patricia 
100 1 |c  Martínez Munguía, Tania del Rosario 
245 1 0 |a Propuesta de manual organizacional de la empresa Molina Copier Service 
260 |a Managua  |b UNI  |c 2011 
300 |a 72 p. :il. 
500 |a Contiene: anexos e Incluye: CD. 
502 |a Tesis (Ingeniero de Sistemas)- UNI, 2011. 
520 3 |a Presenta propuesta de manual organizacional para la empresa Molina Copier Service, el documento está orientado a la elaboración de una propuesta de manual organizacional donde se define la estructura organizativa que se integre la manera de trabajo en que se desenvuelven los colaboradores de Molina Copier Service, iniciando de esta manera un proceso de ordenamiento organizativo. 
650 7 |a ORGANIZACIÓN INTERNA 
650 7 |b ADMINISTRACION - ORGANIZACIÓN 
650 7 |c MANUALES ADMINISTRATIVOS - ORGANIZACION 
650 7 |d ORGANIZACIÓN DE EMPRESAS 
700 1 |a Tutor:  |b Gómez Jaime, Dora Isabel 
942 |c BK  |2 ddc 
991 |a TESIS 
999 |c 18640